Quick Pick: 10-1 Religion Quiz Stats

 Plays Quiz Updated Feb 27, 2018

Challenge
Share
Tweet
Embed
Score 0/10 Timer 01:30
7 Plays Today
% Correct
Commandments given to Moses
91.2%
Gods in monotheistic religions
76.1%
Points on the Star of David
74%
Number of days Hanukkah is celebrated
62.8%
Pillars of Islam
55.3%
Unclean animals of a specific species in Noah's Ark
51.9%
Muses in Greek Mythology
50.9%
Noble Truths in Buddhism
42.3%
Loops in the Knot of Isis
28.5%
Samaawat (heavens) in Islam*
25.7%

Today's Daily Dose

Word Ladder
Bruno Mars Song

Get the Picture
Japanese Cars

You're not logged in!

Compare scores with friends on all Sporcle quizzes.
OR
Log In

You Might Also Like...

Show Comments

Extras

Top Quizzes Today


Score Distribution

Your Account Isn't Verified!

In order to create a playlist on Sporcle, you need to verify the email address you used during registration. Go to your Sporcle Settings to finish the process.

Report this User

Report this user for behavior that violates our Community Guidelines.

Details: